| 000 | 01233cam a22003497a 4500 | ||
|---|---|---|---|
| 001 | 16321686 | ||
| 005 | 20180220032617.0 | ||
| 007 | co uga|||||||| | ||
| 008 | 100707s2011 moua b 001 0 eng | ||
| 010 | _a 2010028656 | ||
| 016 | 7 |
_a101535151 _2DNLM |
|
| 020 | _a9780323065801 (single v. : hard cover : alk. paper) | ||
| 020 | _a0323065805 (single v. : hard cover : alk. paper) | ||
| 020 | _a9780323065818 (twov. set : hard cover : alk. paper) | ||
| 020 | _a0323065813 (twov. set : hard cover : alk. paper) | ||
| 020 | _a9996080900 (v.1) | ||
| 020 | _a9789996080906 (v.1) | ||
| 020 | _a9996080846 (v.2) | ||
| 020 | _a9789996080845 (v.2) | ||
| 035 | _a(OCoLC)ocn646388497 | ||
| 040 |
_aDNLM/DLC _cDLC _dBTCTA _dNLM _dWAU _dYDXCP _dCDX _dVAM _dVET _dDLC |
||
| 041 | _aeng | ||
| 080 | _a617.0231 LEW | ||
| 082 | 0 | 0 |
_a617.0231 LEW _222 |
| 100 | _a3 | ||
| 101 | _aINF | ||
| 245 | 0 | 0 |
_aMedical-surgical nursing : _cSharon L. Lewis ... [et al.]. |
| 504 | _aIncludes bibliographical references and index. | ||
| 906 |
_a7 _bcbc _corignew _d1 _eecip _f20 _gy-gencatlg |
||
| 942 |
_2ddc _cBK |
||
| 999 |
_c42865 _d42865 |
||